000 00781nam a2200169 a 4500
005 20210219150110.0
008 991125s1981 mx 000 0 spa u
035 _aUPN01000007405
049 _aF
050 4 _aLE7.2931 U265
_bU53.2g 1981
110 2 _aUniversidad Nacional Autónoma de México.
_bCentro de Investigaciones y Servicios Educativos
245 1 0 _aCentro de Investigaciones y Servicios Educativos /
_cUniversidad Nacional Autónoma de México, Centro de Investigaciones y Servicios Educativos.
260 _aMéxico :
_bUNAM, Centro de Investigaciones y Servicios Educativos,
_c1981.
300 _a66 p., [3] h. pleg. :
_bil.
610 2 4 _aUNIVERSIDAD NACIONAL AUTONOMA DE MEXICO.
_bCENTRO DE INVESTIGACIONES Y SERVICIOS EDUCATIVOS -
_vPLANES Y PROGRAMAS
905 _aLibro
999 _c7405
_d7405